Anagrammes mythologie romaine - Statistiques

Statistiques générales
  • Ce quiz a été pris 464 fois
  • Le résultat moyen est 12 sur 14
Statistiques - réponses
Anagramme Divinité % Correct
PUTIJER Jupiter
100%
RAMS Mars
100%
NEVUS Vénus
100%
PENTUNE Neptune
99%
RECUMER Mercure
98%
LUPTON Pluton
98%
NOJUN Junon
95%
BUCCHAS Bacchus
92%
VERMINE Minerve
89%
DENIA Diane
83%
CAULVIN Vulcain
81%
VASTE Vesta
75%
DOPUCIN Cupidon
64%
PLACEUSE Esculape
19%
Aucun quiz correspondant
Distribution des résultats
% des personnes avec chaque résultat
Percentile par nombre de réponses
Votre historique - résultats
Vous n’avez pas pris ce quiz